[Event "COL-ch U20 Girls"]
[Site "Barranquilla"]
[Date "2022.07.08"]
[Round "4"]
[White "Olier Robayo, Mishelle Dayana"]
[Black "Fernandez Noriega, Adriana Sofia"]
[Result "0-1"]
[WhiteElo "1566"]
[BlackElo "1403"]
[PlyCount "72"]
[EventDate "2022.07.06"]
[EventType "swiss"]
[EventRounds "9"]
[EventCountry "COL"]
[SourceTitle "EXT 2023"]
[Source "ChessBase"]
[SourceDate "2022.10.05"]
[SourceVersion "1"]
[SourceVersionDate "2022.10.05"]
[SourceQuality "1"]

1. e4 e5 2. Nf3 Nc6 3. Bc4 Bc5 4. c3 a6 5. a3 Nf6 6. d4 exd4 7. e5 Qe7 8. cxd4 d5 9. 0-0 dxc4 10. exf6 Qxf6 11. dxc5 0-0 12. Qc2 Be6 13. Bg5 Qg6 14. Qxg6 fxg6 15. Re1 Rae8 16. Nbd2 b6 17. Rac1 Na5 18. Nd4 Bd5 19. cxb6 cxb6 20. Be7 Rf4 21. N2f3 Bxf3 22. Nxf3 Nc6 23. Bd6 Rfe4 24. Rxe4 Rxe4 25. Re1 Rxe1+ 26. Nxe1 b5 27. Nc2 a5 28. Kf1 h5 29. Ke2 Kf7 30. Ne3 Nd4+ 31. Kd2 g5 32. Bc5 Nb3+ 33. Kc3 Nxc5 34. f3 Ke6 35. Nc2 Ke5 36. Nd4 Na4+ 0-1

[Event "COL-ch U18 Girls"]
[Site "Medellin"]
[Date "2022.06.05"]
[Round "9"]
[White "Olier Robayo, Mishelle Dayana"]
[Black "Carrillo Riano, Karen Sofia"]
[Result "1-0"]
[WhiteElo "1505"]
[BlackElo "1305"]
[PlyCount "103"]
[EventDate "2022.06.01"]
[EventType "swiss"]
[EventRounds "9"]
[EventCountry "COL"]
[SourceTitle "CBM 208 Extra"]
[Source "ChessBase"]
[SourceDate "2022.07.31"]
[SourceVersion "1"]
[SourceVersionDate "2022.07.31"]
[SourceQuality "1"]

1. e4 c5 2. Nc3 e6 3. f4 Nf6 4. Nf3 a6 5. d3 Nc6 6. g3 Be7 7. Bg2 Qb6 8. h3 d6 9. Qe2 Nd4 10. Qf2 Nd7 11. 0-0 Bf6 12. Nd1 Qc7 13. c3 Nxf3+ 14. Qxf3 Rb8 15. g4 g6 16. Ne3 b5 17. f5 Ne5 18. Qe2 Qd8 19. Nc2 c4 20. d4 Nd3 21. Qf3 gxf5 22. exf5 Bb7 23. Qe2 e5 24. Nb4 Bxg2 25. Kxg2 Nxb4 26. cxb4 Qe7 27. Re1 Bh4 28. Rd1 Qb7+ 29. d5 f6 30. Bh6 Qf7 31. a4 Qd7 32. Rdc1 Qb7 33. Qe4 Qb6 34. Be3 Qc7 35. axb5 axb5 36. Ra7 Rb7 37. Ra8+ Rb8 38. Rca1 0-0 39. R1a7 Rb7 40. Rxb7 Qxb7 41. Ra7 Qc8 42. Bh6 Rf7 43. Qe3 Bg5 44. Bxg5 Rxa7 45. Qxa7 fxg5 46. Qe7 c3 47. Qxg5+ Kf7 48. f6 Qh8 49. bxc3 Qxf6 50. Qxf6+ Kxf6 51. Kf3 Kg5 52. Ke3 1-0

[Event "COL-ch U18 Girls"]
[Site "Medellin"]
[Date "2022.06.04"]
[Round "6"]
[White "Olier Robayo, Mishelle Dayana"]
[Black "Briceno Suarez, Elisabet"]
[Result "1-0"]
[WhiteElo "1505"]
[BlackElo "1028"]
[PlyCount "43"]
[EventDate "2022.06.01"]
[EventType "swiss"]
[EventRounds "9"]
[EventCountry "COL"]
[SourceTitle "CBM 208 Extra"]
[Source "ChessBase"]
[SourceDate "2022.07.31"]
[SourceVersion "1"]
[SourceVersionDate "2022.07.31"]
[SourceQuality "1"]

1. e4 e5 2. Nf3 Nc6 3. Bc4 Nf6 4. d3 Be7 5. 0-0 0-0 6. Bb3 d6 7. c3 Bg4 8. Nbd2 Kh8 9. h3 Bh5 10. Qe1 Ng8 11. g4 Bg6 12. Kg2 Qd7 13. Rh1 h6 14. Nf1 f6 15. Ne3 h5 16. Nf5 b5 17. N3h4 Qe8 18. Qe2 Bd8 19. Bd5 Bxf5 20. gxf5 Nge7 21. Ng6+ Nxg6 22. Qxh5# 1-0

[Event "COL-ch U18 Girls"]
[Site "Medellin"]
[Date "2022.06.03"]
[Round "5"]
[White "Olier Robayo, Mishelle Dayana"]
[Black "Valencia Quinchia, Isabella"]
[Result "0-1"]
[WhiteElo "1505"]
[BlackElo "1422"]
[PlyCount "46"]
[EventDate "2022.06.01"]
[EventType "swiss"]
[EventRounds "9"]
[EventCountry "COL"]
[SourceTitle "CBM 208 Extra"]
[Source "ChessBase"]
[SourceDate "2022.07.31"]
[SourceVersion "1"]
[SourceVersionDate "2022.07.31"]
[SourceQuality "1"]

1. e4 e5 2. Nf3 Nc6 3. Bc4 Bc5 4. c3 Nf6 5. d3 d6 6. h3 a6 7. b4 Ba7 8. Bb3 Be6 9. Bc2 Qe7 10. 0-0 h6 11. Qe2 0-0 12. Nh4 Nxb4 13. Bb3 Nc6 14. Nf5 Bxf5 15. exf5 Qd7 16. g4 d5 17. Nd2 Rfe8 18. Rd1 Rad8 19. Bc2 d4 20. Ne4 dxc3 21. Bxh6 Nd4 22. Qe3 Nd5 23. Qg5 Nf3+ 0-1

[Event "COL-ch U18 Girls"]
[Site "Medellin"]
[Date "2022.06.01"]
[Round "1"]
[White "Hernandez Sandoval, Silvia Nathalia"]
[Black "Olier Robayo, Mishelle Dayana"]
[Result "0-1"]
[WhiteElo "1255"]
[BlackElo "1505"]
[PlyCount "54"]
[EventDate "2022.06.01"]
[EventType "swiss"]
[EventRounds "9"]
[EventCountry "COL"]
[SourceTitle "CBM 208 Extra"]
[Source "ChessBase"]
[SourceDate "2022.07.31"]
[SourceVersion "1"]
[SourceVersionDate "2022.07.31"]
[SourceQuality "1"]

1. e4 c5 2. Nf3 a6 3. Nc3 e6 4. Bc4 b5 5. Be2 Bb7 6. d3 b4 7. Na4 h6 8. e5 Nc6 9. Be3 Qa5 10. c3 Rc8 11. 0-0 Nce7 12. d4 Nd5 13. Bd2 cxd4 14. cxd4 Bc6 15. Rc1 Rb8 16. b3 Bxa4 17. bxa4 Nge7 18. Qb3 Nc6 19. Bc4 Nb6 20. Qd3 Qxa4 21. Bxa6 Qxa2 22. Ra1 Qd5 23. Bb5 Ra8 24. Rxa8+ Nxa8 25. Rc1 Nc7 26. Bxc6 dxc6 27. Rb1 c5 0-1

[Event "COL-chT (Women)"]
[Site "Medellin"]
[Date "2021.12.10"]
[Round "3.3"]
[White "Munoz Monroy, Cinthya Carolina"]
[Black "Olier Robayo, Mishelle Dayana"]
[Result "1-0"]
[WhiteElo "1968"]
[BlackElo "1379"]
[PlyCount "41"]
[EventDate "2021.12.09"]
[EventType "team-tourn"]
[EventRounds "5"]
[EventCountry "COL"]
[SourceTitle "CBM 205 Extra"]
[Source "ChessBase"]
[SourceDate "2022.01.31"]
[SourceVersion "1"]
[SourceVersionDate "2022.01.31"]
[SourceQuality "1"]
[WhiteTeam "Liga de Antioquia (W)"]
[BlackTeam "Atlantico Quintal (W)"]
[WhiteTeamCountry "COL"]
[BlackTeamCountry "COL"]

1. e4 c5 2. c3 Nf6 3. e5 Nd5 4. d4 cxd4 5. Nf3 Nc6 6. Bc4 Nb6 7. Bb3 d6 8. exd6 Qxd6 9. 0-0 g6 10. Na3 a6 11. cxd4 Bg7 12. Be3 e6 13. Rc1 0-0 14. d5 Ne7 15. Bc5 Qd8 16. dxe6 Qc7 17. exf7+ Kh8 18. Bd6 Qd8 19. Rc7 Bf6 20. Bxe7 Bxe7 21. Rxe7 1-0

[Event "COL-chT (Women)"]
[Site "Medellin"]
[Date "2021.12.10"]
[Round "4.3"]
[White "Olier Robayo, Mishelle Dayana"]
[Black "Mateus, Martha"]
[Result "0-1"]
[WhiteElo "1379"]
[BlackElo "2029"]
[PlyCount "68"]
[EventDate "2021.12.09"]
[EventType "team-tourn"]
[EventRounds "5"]
[EventCountry "COL"]
[SourceTitle "CBM 205 Extra"]
[Source "ChessBase"]
[SourceDate "2022.01.31"]
[SourceVersion "1"]
[SourceVersionDate "2022.01.31"]
[SourceQuality "1"]
[WhiteTeam "Atlantico Quintal (W)"]
[BlackTeam "Liga del Valle (W)"]
[WhiteTeamCountry "COL"]
[BlackTeamCountry "COL"]

1. e4 c5 2. Nc3 e6 3. d3 Nc6 4. f4 d5 5. Nf3 Nf6 6. Qe2 Be7 7. h3 h5 8. g3 b5 9. Bg2 b4 10. Nd1 dxe4 11. dxe4 Qb6 12. Nf2 Ba6 13. Nd3 c4 14. Nf2 Bc5 15. Nh4 Nd4 16. Qd1 Nb3 17. axb3 Bxf2+ 18. Ke2 Rd8 19. Rxa6 Qxa6 20. Qxd8+ Kxd8 21. Kxf2 cxb3 22. cxb3 Qd3 23. Re1 Ke7 24. Be3 Rc8 25. Bf3 Rc2+ 26. Kg1 Ke8 27. e5 Ne4 28. Bxe4 Qxe4 29. Bf2 Qd5 30. Be3 Qxb3 31. Nf3 Qxb2 32. Bd4 Rg2+ 33. Kf1 Qc2 34. Bxa7 Rxg3 0-1

[Event "Manizales Las Americas op-C"]
[Site "Manizales"]
[Date "2021.10.18"]
[Round "9"]
[White "Suaza Sanabria, Laura Sofia"]
[Black "Olier Robayo, Mishelle Dayana"]
[Result "1-0"]
[WhiteElo "1418"]
[BlackElo "1328"]
[PlyCount "94"]
[EventDate "2021.10.14"]
[EventType "swiss"]
[EventRounds "9"]
[EventCountry "COL"]
[SourceTitle "EXT 2023"]
[Source "ChessBase"]
[SourceDate "2022.10.05"]
[SourceVersion "1"]
[SourceVersionDate "2022.10.05"]
[SourceQuality "1"]

1. e4 c5 2. Nf3 e6 3. d4 cxd4 4. Nxd4 a6 5. g3 Qc7 6. Bg2 Nf6 7. 0-0 Bc5 8. Nb3 Ba7 9. h3 Qxg3 10. Nc3 Nc6 11. Ne2 Qh4 12. Nc3 0-0 13. Nd2 Ne5 14. Nf3 Nxf3+ 15. Qxf3 Qh5 16. Qg3 Bb8 17. Bf4 Bxf4 18. Qxf4 Qc5 19. Rad1 Qb4 20. Qc1 a5 21. a3 Qc5 22. Rd3 Ra6 23. a4 Rd6 24. Rxd6 Qxd6 25. Qe3 Qb4 26. b3 b6 27. e5 Ne8 28. Rd1 d5 29. Nb5 Qc5 30. Qd2 Ba6 31. Bf1 Bxb5 32. Bxb5 Qe7 33. Bxe8 Rxe8 34. f4 Rc8 35. Kh2 Qh4 36. Rg1 Qh5 37. Rg3 Qf5 38. Rd3 Qe4 39. Kg3 Kf8 40. Rc3 Rxc3+ 41. Qxc3 g6 42. Qc8+ Kg7 43. Qc3 Kh6 44. Qd2 d4 45. Kf2 Qe3+ 46. Qxe3 dxe3+ 47. Kxe3 Kh5 1-0

[Event "COL-ch U18 final"]
[Site "Medellin"]
[Date "2021.06.19"]
[Round "5"]
[White "Olier Robayo, Mishelle Dayana"]
[Black "Ruiz Jaraba, Valentina Sofia"]
[Result "0-1"]
[WhiteElo "1363"]
[BlackElo "1656"]
[PlyCount "72"]
[EventDate "2021.06.16"]
[EventType "swiss"]
[EventRounds "7"]
[EventCountry "COL"]
[SourceTitle "EXT 2022"]
[Source "ChessBase"]
[SourceDate "2021.10.06"]
[SourceVersion "1"]
[SourceVersionDate "2021.10.06"]
[SourceQuality "1"]

1. e4 c5 2. d3 d6 3. f4 e5 4. Nf3 Nc6 5. g3 g6 6. Nc3 Bg7 7. a4 Nge7 8. Bg2 0-0 9. 0-0 h6 10. h3 f5 11. Qe2 Kh7 12. Nd1 Nd4 13. Qf2 Rb8 14. Nh2 Bd7 15. Ne3 fxe4 16. dxe4 exf4 17. gxf4 Rxf4 18. Qd2 Rxf1+ 19. Nexf1 Be6 20. Ra3 Qd7 21. h4 Rf8 22. Ng3 h5 23. Ne2 Nec6 24. c3 Nxe2+ 25. Qxe2 Ne5 26. Nf3 Nxf3+ 27. Bxf3 Bc4 28. Qg2 Qf7 29. Kf2 Qe7 30. b3 Ba6 31. b4 Bc4 32. Ke1 Qxh4+ 33. Kd1 Qf6 34. Be2 Bxe2+ 35. Qxe2 Qf1+ 36. Qxf1 Rxf1+ 0-1

[Event "COL-ch U18 final"]
[Site "Medellin"]
[Date "2021.06.18"]
[Round "4"]
[White "Gonzalez, Leandro"]
[Black "Olier Robayo, Mishelle Dayana"]
[Result "1-0"]
[WhiteElo "1787"]
[BlackElo "1363"]
[PlyCount "46"]
[EventDate "2021.06.16"]
[EventType "swiss"]
[EventRounds "7"]
[EventCountry "COL"]
[SourceTitle "EXT 2022"]
[Source "ChessBase"]
[SourceDate "2021.10.06"]
[SourceVersion "1"]
[SourceVersionDate "2021.10.06"]
[SourceQuality "1"]

1. e4 c5 2. Nf3 e6 3. g3 d5 4. exd5 exd5 5. d4 Bg4 6. Bg2 cxd4 7. 0-0 Nc6 8. Qe1+ Be7 9. Nbd2 Be6 10. Nb3 Qb6 11. Bf4 Rc8 12. Rd1 Nb4 13. Nfxd4 Nxc2 14. Nxc2 Rxc2 15. Bxd5 Nf6 16. Bxe6 Qxe6 17. Nd4 Qh3 18. Nxc2 Ng4 19. Qxe7+ Kxe7 20. Rfe1+ Ne3 21. Rxe3+ Kf6 22. Rd6+ Qe6 23. Rexe6+ fxe6 1-0

[Event "Antioquia op"]
[Site "Antioquia"]
[Date "2020.03.04"]
[Round "2"]
[White "Olier Robayo, Mishelle Dayana"]
[Black "Hernandez, Jeronimo"]
[Result "0-1"]
[WhiteElo "1367"]
[BlackElo "1866"]
[PlyCount "64"]
[EventDate "2020.03.03"]
[EventType "swiss"]
[EventRounds "9"]
[EventCountry "COL"]
[SourceTitle "CBM 195 Extra"]
[Source "ChessBase"]
[SourceDate "2020.05.31"]
[SourceVersion "1"]
[SourceVersionDate "2020.05.31"]
[SourceQuality "1"]

1. e4 c5 2. Nf3 d6 3. d4 cxd4 4. Nxd4 Nf6 5. Nc3 a6 6. a4 e5 7. Nb3 Be6 8. Bg5 Be7 9. Qd2 Nc6 10. f3 h6 11. Be3 Nb4 12. Be2 d5 13. exd5 Nfxd5 14. Nxd5 Qxd5 15. c4 Qxd2+ 16. Kxd2 0-0 17. Bc5 Rfd8+ 18. Kc3 Nc6 19. Bxe7 Nxe7 20. Nc5 Rac8 21. Nxe6 fxe6 22. b3 Nc6 23. Rhd1 a5 24. Rxd8+ Rxd8 25. Rd1 Nd4 26. Bd3 b6 27. Rd2 Kf7 28. f4 exf4 29. Bg6+ Kxg6 30. Rxd4 Rxd4 31. Kxd4 Kf5 32. c5 e5+ 0-1